Umění přesvědčivé komunikace jak ovlivňovat názory, postoje a činy druhých

Salvato in:
Dettagli Bibliografici
Autore principale: Borg, James
Altri autori: Blaheta, Radek
Natura: Libro
Lingua:ceco
Pubblicazione: Praha Grada Publishing 2013
Edizione:3. rozšířené vydání
Soggetti:
Tags: Aggiungi Tag
Nessun Tag, puoi essere il primo ad aggiungerne!!

MARC

LEADER 00000nam a2200000 4500
001 0247187
005 20240313133622.1
020 |a 978-80-247-4821-4 
041 0 |a cze 
044 |a CZ 
245 1 0 |a Umění přesvědčivé komunikace  |b jak ovlivňovat názory, postoje a činy druhých  |c James Borg ; překlad: Radek Blaheta 
250 |a 3. rozšířené vydání 
264 1 |a Praha  |b Grada Publishing  |c 2013 
300 |a 236 s. 
610 2 0 |a komunikácia 
610 2 0 |a pozornosť aktívna 
610 2 0 |a komunikácia neverbálna 
610 2 0 |a komunikácia interpersonálna 
610 2 0 |a telefón 
610 2 0 |a vyjednávanie 
610 2 0 |a technika 
610 2 0 |a osobnosť 
610 2 0 |a psychológia 
100 1 |a Borg, James 
700 1 |a Blaheta, Radek